Normal view MARC view
  • Soccer

Entry Topical Term

Number of records used in: 1

001 - CONTROL NUMBER

  • control field: 8021

003 - CONTROL NUMBER IDENTIFIER

  • control field: OSt

005 - DATE AND TIME OF LATEST TRANSACTION

  • control field: 20170525110254.0

008 - FIXED-LENGTH DATA ELEMENTS

  • fixed length control field: 170525|| aca||aabn | a|a d

040 ## - CATALOGING SOURCE

  • Original cataloging agency: OSt
  • Transcribing agency: OSt

150 ## - HEADING--TOPICAL TERM

  • Topical term or geographic name entry element: Soccer
  • General subdivision: Biography
  • Geographic subdivision: Malaysia

670 ## - SOURCE DATA FOUND

  • Source citation: Work cat.: (OSt)0: Marcose, Joe 8020, Mokhtar Dahari :, 1989
Pusat Sumber Maklumat Dato' Haji Sarmin Md Hussin, Akademi Kastam Diraja Malaysia, Melaka
Tel: 06-2331106 | Faks: 06-2313787